000 00537nam a2200169 a 4500
001 000031096
005 20200930062713.0
008 110613nuuuuuuuudr a 000 | spa d
040 _aDO-SdBNP
_bspa
_cBNPHU
082 _axxx
_bP969v
245 0 3 _aProyecto de vida.
260 _aSanto Domingo :
_bFondo Mundial de Lucha Contra el SIDA ;
_bCOPRESIDA,
_c[s.f.].
300 _a18 p. :
_bil. ;
_c21 cm.
490 1 _aJuventud para la civilización del amor
_v3
830 0 _aJuventud para la civilización del amor;
_n3
_957573
049 _aBNPD
999 _c30588
_d30588